Đất nước hoa Chămpa
Spremljeno u:
| Glavni autor: | |
|---|---|
| Format: | Knjiga |
| Jezik: | Vietnamese |
| Izdano: |
H.
Thanh niên
1981
|
| Teme: | |
| Oznake: |
Dodaj oznaku
Bez oznaka, Budi prvi tko označuje ovaj zapis!
|
| Thư viện lưu trữ: | Trung tâm Học liệu Lê Vũ Hùng, Trường Đại học Đồng Tháp |
|---|
| LEADER | 00653pam a22002178a 4500 | ||
|---|---|---|---|
| 001 | 00024979 | ||
| 005 | 20171026081022.0 | ||
| 008 | 110726s1981 ||||||viesd | ||
| 041 | 0 | # | |a vie |
| 082 | 1 | 4 | |a 915.94 |b Đ124N |
| 100 | 0 | # | |a Đào Văn Tiến |
| 245 | 0 | 0 | |a Đất nước hoa Chămpa |c Đào Văn Tiến |
| 260 | # | # | |a H. |b Thanh niên |c 1981 |
| 300 | # | # | |c 19 cm. |a 116tr. |
| 650 | # | 4 | |a Lào |
| 650 | # | 4 | |a Quan hệ Việt Lào |
| 650 | # | 4 | |a Quốc chí |
| 852 | # | # | |b Kho đọc |j KD.0010056 |
| 852 | # | # | |j KD.0010056 |
| 910 | |d 26/07/2011 | ||
| 980 | # | # | |a Trung tâm Học liệu Lê Vũ Hùng, Trường Đại học Đồng Tháp |